01428cam a22003377a 4500003000400000005001700004008004100021017004500062020001800107040001400125100006000139245004700199260002900246300002700275500005000302504004500352600005300397600005600450600005800506600004700564600003800611600005200649600004500701600005300746600005200799600004700851650004500898650004200943650005300985650005201038OSt20170209170049.0170209s2016 spca||| |||| 001 0ccat|d aDL B 18603-2016bBiblioteca de Catalunya a9788416587469 bcatcCDMR1 aFigueres i Artigues, Josep Mariaq(Josep Maria),d1950-10aPeriodistes indòmits cJosep M. Figueres aBarcelona :bBase,c2016 a272 p. :bil. ;c24 cm aSubtítol a la coberta: Guerra Civil i exili aReferències bibliogràfiques. Índex17aAlmirall, Valentíd1841-1904xBiografia2lemac17aPrat de la Riba, Enricd1870-1917xBiografia2lemac17aRovira i Virgili, Antonid1882-1949xBiografia2lemac17aCarner, Josepd1884-1970xBiografia2lemac17aEsteve, LluísxBiografia2lemac17aCapdevila, Lluísd1895-1980xBiografia2lemac17aFoix, Pere,d1893-1978xBiografia2lemac17aGols i Soler, Joan,d1894-1947xBiografia2lemac17aCabruja, Agustí,d1911-1983xBiografia2lemac17aCalders, Pered1912-1994xBiografia2lemac17aPeriodisteszCatalunyaxBiografia2lemac17aExiliatszCatalunyaxBiografia2lemac17aPeriodismezCatalunyaxHistòriayS. XIX2lemac17aPeriodismezCatalunyaxHistòriayS. XX2lemac